000 00427pab a2200169 454500
008 180718b1999 xxu||||| |||| 00| 0 eng d
100 _aRay, Indranill Basu
245 _aDiseased nation: need to review health policy
260 _c1999
300 _ap.8
362 _a21 Jun
650 _aHealth services - India
650 _aHealth policy - India
650 _aHealth services
773 _aStatesman
909 _a42162
999 _c42162
_d42162